Statystyki dla Wyniki meczów piłkarskiej Reprezentacji Polski

Kliknij tutaj aby rozwiązać quiz!

Ogólne statystyki

  • Ten quiz został rozwiązany 19 razy
  • Średni wynik to 60 z 139

Statystyki odpowiedzi

DataMeczWynik% Poprawnych
26.03.2024Walia - Polska0-0
94%
22.11.2022Meksyk - Polska0-0
94%
30.11.2022Polska - Argentyna0-2
94%
26.11.2022Polska - Arabia Saudyjska2-0
94%
04.12.2022Francja - Polska3-1
94%
21.03.2024Polska - Estonia5-1
94%
07.09.2023Polska - Wyspy Owcze2-0
89%
12.10.2023Wyspy Owcze - Polska0-2
83%
27.03.2023Polska - Albania1-0
83%
16.06.2023Polska - Niemcy1-0
83%
21.11.2023Polska - Łotwa2-0
83%
24.03.2023Czechy - Polska3-1
83%
20.06.2023Mołdawia - Polska3-2
83%
16.06.2016Niemcy - Polska0-0
78%
15.10.2023Polska - Mołdawia1-1
78%
30.06.2016Polska - Portugalia1-1
78%
17.11.2023Polska - Czechy1-1
78%
10.09.2023Albania - Polska2-0
78%
21.06.2016Ukraina - Polska0-1
72%
12.16.2016Polska - Irlandia Północna1-0
72%
16.11.2022Polska - Chile1-0
72%
25.06.2016Szwajcaria - Polska1-1
72%
12.06.2012Polska - Rosja1-1
72%
08.06.2012Polska - Grecja1-1
72%
29.03.2022Polska - Szwecja2-0
72%
28.06.2018Japonia - Polska0-1
67%
16.06.2012Polska - Czechy0-1
67%
24.06.2018Polska - Kolumbia0-3
67%
19.06.2018Polska - Senegal1-2
67%
11.10.2014Polska - Niemcy2-0
67%
08.06.2022Belgia - Polska6-1
67%
19.06.2021Hiszpania - Polska1-1
61%
14.06.2021Polska - Słowacja1-2
61%
11.06.2022Holandia - Polska2-2
61%
23.06.2021Szwecja - Polska3-2
61%
25.09.2022Walia - Polska0-1
56%
12.10.2021Albania - Polska0-1
56%
14.06.2022Polska - Belgia0-1
56%
24.03.2022Szkocja - Polska1-1
56%
07.09.2018Włochy - Polska1-1
56%
05.09.2021San Marino - Polska1-7
56%
10.06.2019Polska - Izrael4-0
56%
09.10.2021Polska - San Marino5-0
56%
22.09.2022Polska - Holandia0-2
50%
17.10.2012Polska - Anglia1-1
50%
08.09.2021Polska - Anglia1-1
50%
15.11.2021Polska - Węgry1-2
50%
12.11.2021Andora - Polska1-4
50%
01.06.2022Polska - Walia2-1
50%
04.09.2016Kazachstan - Polska2-2
50%
14.10.2014Polska - Szkocja2-2
50%
21.03.2019Austria - Polska0-1
44%
07.09.2014Gibraltar – Polska0-7
44%
01.06.2021Polska - Rosja1-1
44%
04.09.2015Niemcy - Polska3-1
44%
12.06.2018Polska - Litwa4-0
44%
29.02.2012Polska - Portugalia0-0
39%
14.10.2018Polska - Włochy0-1
39%
14.11.2014Gruzja - Polska0-4
39%
07.09.2020Bośnia i Hercegowina - Polska1-2
39%
04.06.2013Polska - Liechtenstein2-0
39%
31.03.2021Anglia - Polska2-1
39%
08.10.2015Szkocja - Polska2-2
39%
25.03.2021Węgry - Polska3-3
39%
02.09.2021Polska - Albania4-1
39%
26.03.2013Polska - San Marino5-0
39%
07.09.2015Polska - Gibraltar8-1
39%
09.09.2019Polska - Austria0-0
33%
10.11.2017Polska - Urugwaj0-0
33%
07.06.2019Macedonia - Polska0-1
33%
10.10.2019Łotwa - Polska0-3
33%
20.11.2018Portugalia - Polska1-1
33%
07.06.2013Mołdawia - Polska1-1
33%
10.09.2013San Marino - Polska1-5
33%
24.03.2019Polska - Łotwa2-0
33%
06.09.2019Słowenia - Polska2-0
33%
15.10.2013Anglia - Polska2-0
33%
08.06.2021Polska - Islandia2-2
33%
28.03.2021Polska - Andora3-0
33%
01.09.2017Dania - Polska4-0
33%
02.06.2012Polska - Andora4-0
33%
13.06.2015Polska - Gruzja4-0
33%
11.10.2020Polska - Włochy0-0
28%
15.11.2018Polska - Czechy0-1
28%
22.05.2012Łotwa - Polska0-1
28%
26.05.2012Słowacja - Polska0-1
28%
15.11.2013Polska - Słowacja0-2
28%
11.11.2016Rumunia - Polska0-3
28%
06.09.2013Polska - Czarnogóra1-1
28%
18.11.2020Polska - Holandia1-2
28%
16.11.2019Izrael - Polska1-2
28%
01.06.2016Polska - Holandia1-2
28%
22.03.2013Polska - Ukraina1-3
28%
14.11.2012Polska - Urugwaj1-3
28%
05.10.2017Armenia - Polska1-6
28%
11.11.2020Polska - Ukraina2-0
28%
15.11.2020Włochy - Polska2-0
28%
11.10.2015Polska - Irlandia2-1
28%
08.06.2018Polska - Chile2-2
28%
07.09.2012Czarnogóra - Polska2-2
28%
11.10.2018Polska - Portugalia2-3
28%
14.10.2020Polska - Bośnia i Hercegowina3-0
28%
14.08.2013Polska - Dania3-2
28%
27.03.2018Polska - Korea Południowa3-2
28%
08.10.2016Polska - Dania3-2
28%
13.05.2014Niemcy – Polska0-0
22%
16.06.2015Polska - Grecja0-0
22%
12.10.2012Polska - RPA1-0
22%
15.08.2012Estonia - Polska1-0
22%
04.09.2020Holandia - Polska1-0
22%
29.03.2015Irlandia - Polska1-1
22%
11.09.2018Polska - Irlandia1-1
22%
14.12.2012Macedonia - Polska1-4
22%
02.02.2013Rumunia - Polska1-4
22%
13.10.2019Polska - Macedonia2-0
22%
11.09.2012Polska - Mołdawia2-0
22%
06.02.2013Irlandia - Polska2-0
22%
06.06.2014Polska – Litwa2-1
22%
18.11.2014Polska - Szwajcaria2-2
22%
04.09.2017Polska - Kazachstan3-0
22%
19.11.2019Polska - Słowenia3-2
22%
13.11.2015Polska - Islandia4-2
22%
07.10.2020Polska - Finlandia5-1
22%
06.06.2016Polska - Litwa0-0
17%
20.01.2014Mołdawia – Polska0-1
17%
23.03.2018Polska - Nigeria0-1
17%
13.11.2017Polska - Meksyk0-1
17%
05.03.2014Polska – Szkocja0-1
17%
18.01.2014Norwegia - Polska0-3
17%
23.03.2016Polska - Serbia1-0
17%
11.10.2013Ukraina - Polska1-0
17%
26.03.2017Czarnogóra - Polska1-2
17%
11.10.2016Polska - Armenia2-1
17%
10.06.2017Polska - Rumunia3-1
17%
08.10.2017Polska - Czarnogóra4-2
17%
26.03.2016Polska - Finlandia5-0
17%
19.11.2013Polska - Irlandia0-0
11%
14.11.2016Polska - Słowenia1-1
11%
17.11.2015Polska - Czechy3-1
11%

Rozkład punktacji

Percentyl według liczby udzielonych odpowiedzi

Procent ludzi z każdym wynikiem

Twoja historia wyników

Nie rozwiązałeś tego quizu